The no-fines story (Record no. 85908)

MARC details
000 -LEADER
fixed length control field 00522cam a2200193 4500
001 - CONTROL NUMBER
control field D6855
008 - FIXED-LENGTH DATA ELEMENTS--GENERAL INFORMATION
fixed length control field 090401t1974 xxu||||| |||| 00| 0 eng d
035 ## - SYSTEM CONTROL NUMBER
System control number (Sirsi) u3605
041 ## - LANGUAGE CODE
Language code of text/sound track or separate title eng
050 ## - LIBRARY OF CONGRESS CALL NUMBER
Classification number 693.509411
100 ## - MAIN ENTRY--PERSONAL NAME
Personal name MacIntosh, R.H.
245 #4 - TITLE STATEMENT
Title The no-fines story
260 ## - PUBLICATION, DISTRIBUTION, ETC.
Place of publication, distribution, etc. Edinburgh
Name of publisher, distributor, etc. Scottish Special Housing Association
Date of publication, distribution, etc. 1974
300 ## - PHYSICAL DESCRIPTION
Extent 26p. illus. 21cm
350 ## - PRICE (NR) (BK AM CF MU VM SE) [OBSOLETE]
Price 0
520 ## - SUMMARY, ETC.
Summary, etc. Discusses suitability of no-fines concrete house building in Scotland
942 ## - ADDED ENTRY ELEMENTS (KOHA)
Suppress in OPAC 0
948 ## - LOCAL PROCESSING INFORMATION (OCLC); SERIES PART DESIGNATOR (RLIN)
c (OCLC) 04/03/1997
Holdings
Withdrawn status Lost status Source of classification or shelving scheme Damaged status Not for loan Home library Current library Shelving location Date acquired Total Checkouts Full call number Barcode Date last seen Date last checked out Copy number Price effective from Koha item type
    Dewey Decimal Classification     London London Books 14/09/1999 3 693.509411 30023722 06/08/2019 03/02/2003 1 06/08/2019 Book